000 00546nam a2200169 i 4500
001 78449
003 ES-MaACL
005 20230906173713.0
007 t|
008 041014s1980 sp ||||1| spa d
100 1 _aHarman, Harry H.
_961860
245 1 0 _aAnálisis factorial moderno /
_cHarry H. Harman ; [traductor, Francisco Javier Girón González-Torre].
260 _aMadrid :
_bSaltés,
_c1980.
300 _a531 p. :
_bil. ;
_c24 cm.
700 1 _aGirón González-Torre, Francisco Javier.
_957274
852 _aES-MaACL
_jA-9947
_bR.101429
999 _c78449
_d78449